000 00306 a2200085 4500
020 _a9789881619457
100 _a Bradley Horn(editor)
245 _aCity Works 5: Student Work 2010-2011, The City College of New York, Bernard and Anne Spitzer School of Architecture
260 _bOscar Riera Ojeda Publishers
_c2014
999 _c13324
_d13324